000 00697nam a2200253Ia 4500
003 OSt
005 20220918220830.0
006 a|||||r|||| 00| 0
007 ta
008 220917b |||||||| |||| 00| 0 eng d
024 _a147,151
037 _cTextual
040 _aARTS
_cARTS
_beng
041 _2eng
_aeng
082 _aY31:6.43, M3
100 _aRobb Peter Ed
_914247
245 0 _aRural South Asia
_b Linkages change and development
260 _aLondon
_bCurzon Press
_c1983
300 _aviii, 250p.
_ccm.
490 _aCollected papers on South Asia; 5
650 _aSOCIOLOGY
942 _hY31:6.43, M3
_cTEXL
_2CC
999 _c269905
_d269905